American Sign Language Alphabet Quiz Stats

 Plays Quiz Updated Jul 1, 2012

Challenge
Share
Tweet
Score 0/26 Timer 02:00
34 Plays Today
Letter % Correct
L
89.1%
W
85.9%
H
78.8%
A
78.6%
N
78%
E
74.7%
D
74.3%
R
73.7%
S
71.5%
M
70.4%
C
70%
Z
69.3%
P
68.2%
Letter % Correct
J
66.8%
O
66.7%
X
66.4%
B
65.7%
G
64.8%
I
64.7%
Y
64.5%
V
64.4%
K
62.8%
F
62.4%
Q
57.8%
T
52.9%
U
50.2%

You're not logged in!

Compare scores with friends on all Sporcle quizzes.
Join for Free
OR
Log In

You Might Also Like...

Show Comments

Extras

Top Quizzes Today


Score Distribution

Your Account Isn't Verified!

In order to create a playlist on Sporcle, you need to verify the email address you used during registration. Go to your Sporcle Settings to finish the process.

Report this User

Report this user for behavior that violates our Community Guidelines.

Details: